000 00654nam a2200241Ia 4500
003 OSt
005 20220924123529.0
006 a|||||r|||| 00| 0
007 ta
008 220923b |||||||| |||| 00| 0 per d
024 _a44574
037 _cTextual
040 _aARTS
_cARTS
_bper
041 _2per
_aper
082 _aO164,1M76:g, M7
100 _aRastogi Tara Chand
_9182854
245 0 _aWestern influence in Iqbal
260 _aNew Delhi
_b Ashish Pub House
_c1987
300 _a282p.
_ccm.
650 _aENGLISH LITERATURE
942 _hO164,1M76:g, M7
_cTEXL
_2CC
999 _c416136
_d416136